000 02516pam a2200373 i 4500
001 768714001
003 CO-MdFUSB
005 20220425102853.0
007 ta
008 920925t19921992gau b 000 0 eng
020 _a1555407943
040 _aDLC
_cCO-MdFUSB
_dUtOrBLW
_bspa
_erda
041 _aeng
082 _223
_a299.26
_bW215
100 1 _aWalls, Neal H.,
_d1962-
_eautor
245 1 4 _aThe goddess Anat in Ugaritic myth /
_cNeal H. Walls.
264 1 _aAtlanta, Ga. :
_bScholars Press,
_c[1992]
264 4 _c©1992.
300 _axi, 256 páginas ;
_c23 cm.
336 _atexto
_btxt
_2rdacontent.
337 _asin mediación
_bn
_2rdamedia.
338 _avolumen
_bnc
_2rdacarrier.
490 1 _aDissertation series ;
500 _aPresentado originalmente como tesis del autor (Ph.D.)--Universidad Johns Hopkins, 1991.
504 _aIncluye referencias bibliográficas (p. 225-256)
505 _a1. Introducción -- El estudio del mito ugarítico -- Interpretando Anat -- 2. Perspectivas comparadas -- I. Imágenes femeninas -- Roles sociales femeninos -- Liminalidad femenina -- II. Guerreras femeninas -- Guerreras vírgenes -- Atenea y Artemisa -- Durga -- Guerreras sexuales -- Amazonas y valquirias -- Inanna/Ishtar -- Madres sangrientas -- Hathor-Sekhmet -- Kali -- Erotismo y peligro -- III. Luto por el dios muerto -- IV. Conclusión. 3. La diosa doncella -- I. Estado de Anat -- Edad y género de Anat -- Relaciones de parentesco de Anat -- "Hermana" de Baal -- Anat as ybmt limm -- La independencia de Anat -- II. La sexualidad de Anat -- Las "mujeres" de Baal -- Anat, Baal y la vaca -- Evidencia egipcia -- Anat como nodriza -- III. Conclusión -- 4. Violencia y pasión -- I. Violencia y fertilidad -- Violencia y fertilidad de Anat -- Baño de sangre de Anat -- Ritual de fertilidad de Anat -- Violencia de Anat y fertilidad de Baal -- Anat los enemigos de Baal -- Anat, Yamm y el dragón -- Anat y El -- ,Anat y Mot -- Anat en el ciclo de Baal -- II. Anat y Aqhat -- Anat y el arco de Aqhat -- Proposición de Anat -- La respuesta violenta de Anat -- Mitemas comparativos -- Ishtar y Gilgamesh -- La cazadora divina -- MAnat y Pughat -- III. Las pasiones de Anat -- 5. Conclusión: La violencia y la doncella.
563 _aPasta dura
600 0 _aAnat
_c(Deidad semítica occidental)
653 _aMitología ugaritica
830 0 _aDissertation series (Society of Biblical Literature) ;
_vno. 135.
942 _cBK
945 _aJTF-925
999 _c67402
_d67402